000 00484nam a2200157 4500
001 121719
003 ES-MaACL
007 t|
008 070214m19511955sp r ||||1| spa d
100 1 _aPlaza, Manuel de la.
_992622
245 1 0 _aDerecho procesal civil español /
_cManuel de la Plaza.
250 _a3ª ed. corr, aum. y puesta al día.
260 _aMadrid :
_bRevista de Derecho Privado,
_c1951-55.
300 _a2 t. en 3 v. ;
_c23 cm.
852 _aES-MaACL
_jE-811-3
_bR.38779
999 _c121719
_d121719